000 02936nam a2200493Ii 4500
001 DIGARTEP0035
003 NyNyDIG
008 141001s2009 txua ob 000 0aeng d
006 m o d
007 cr |||||||||||
020 _a9781611920147
_q(eBook)
020 _a1611920140
_q(eBook)
020 _z9781558855229
_q(pbk :
_qalk. paper)
020 _z155885522X
_q(pbk :
_qalk. paper)
035 _a(OCoLC)794492110
040 _aDGITA
_beng
_erda
_epn
_cDGITA
041 1 _aeng
_aspa
_hspa
043 _anwpr---
050 1 4 _aHQ1523 eBook
100 1 _aCapetillo, Luisa,
_d1879-1922,
_eauthor.
240 1 0 _aInfluencias de las ideas modernas.
_lEnglish
245 1 0 _aAbsolute equality :
_ban early feminist perspective = Influencias de las ideas modernas /
_cby = por Luisa Capetillo ; introduction and English translation by = traducción al inglés e introducción de Lara Walker.
264 1 _aHouston, Tex. :
_bArte Publico Press,
_cc2009.
300 _a1 online resource (xxxix, 360 pages)
336 _atext
_btxt
_2rdacontent
337 _acomputer
_bc
_2rdamedia
338 _aonline resource
_bcr
_2rdacarrier
490 1 _aHispanic civil rights series
500 _aIncludes a facsimile of the original Spanish ed.
504 _aIncludes bibliographical references.
505 0 _aAbsolute equality: an early feminist perspective. Prologue -- Influences of modern ideas -- Philosophical, naturalist, psychological, and moralist notes, annotations, thoughts, concepts, definitions, maxims, and reflections -- Interesting letters from a Panamanian anarchist -- The corruption of the rich and of the poor ... -- Marriage without love, consequence, adultery -- how poor women are prostituted -- In the country, free love -- After her death -- Influencias de las ideas modernas. Prólogo -- Influencias de las ideas modernas -- Notas, apuntes, pensamientos, conceptos, definiciones, sentenicas y reflexiones filósoficas, naturistas, psicológicas, moralistas -- Cartas interesantes de un ácrata de Panamá -- La corrupción de los ricos y la de los pobres ... -- Matrimonio sin amor, consecuencia, el adulterio -- Cómo se prostituyen las pobres -- En el campo, amor libre -- Después de muerta.
588 0 _aOnline resource; title from ePub and PDF title page (Digitalia, viewed October 13, 2014)
650 0 _aFeminism
_zPuerto Rico.
650 0 _aPuerto Rican literature.
655 0 _aElectronic books.
700 1 _aWalker, Lara,
_etranslator.
791 2 _aDigitalia (Firm),
_edistributor.
793 0 _gDigitalia eBook Collection:
_aArte Público Press.
776 0 8 _iPrint version:
_aCapetillo, Luisa.
_tAbsolute equality.
_dHouston, Texas : Arte Publico Press, c2009.
_z9781558855229
_w(OCoLC)221962171
830 0 _aHispanic civil rights series.
856 4 0 _3Digitalia Hispánica
_uhttps://www.digitaliapublishing.com/a/23218/
910 _aPremium Collection: 2014
942 _cRAA
999 _c237551
_d237551